| 000 | 00921cam a22002777a 4500 | ||
|---|---|---|---|
| 003 | CHAP | ||
| 005 | 20220329135428.0 | ||
| 008 | 971013s1934 r 00010 d | ||
| 010 | _a36318 | ||
| 011 | _a37290 | ||
| 035 | _a41409 | ||
| 040 | _cCHAP | ||
| 082 |
_a338.1735 _bM49 |
||
| 110 |
_aMéxico. Departamento de Estudios Económicos _976912 |
||
| 245 | 1 | 3 |
_aLa industria textil en México _b: el problema obrero y los problemas económicos |
| 260 |
_aMéxico, D.F. : _bTall. Gráfs. de la Nación, _c1934 |
||
| 300 |
_a293 p. _b; gráfs |
||
| 590 |
_aBATCH-UPD _b10 _c20130109 _lUCH01 _h2332 |
||
| 590 |
_aBATCH-UPD _b10 _c20130409 _lUCH01 _h1858 |
||
| 590 |
_aBATCH-UPD _b10 _c20130914 _lUCH01 _h1638 |
||
| 590 |
_aCONVERSION _b10 _c20130109 _lUCH01 _h1320 |
||
| 650 | 1 | 4 |
_aIndustrias textiles _xMéxico. _958042 |
| 901 | _aBK | ||
| 942 | _cLIBRO | ||
| 949 |
_a338.1735 M49 _bBC _cLIBRO _d33724000112330 _eLIBRO _i41409 _mD _si |
||
| 999 |
_c36318 _d36318 |
||